000
002940000a22001330004500
020
_a
1-55799-100-6
082
0
4
_a
TF Ev151s
100
1
_a
Evans, Joy
245
1
0
_a
Simple science experiments / Joy Evans
260
_a
Monterey : Evan Moor Corp
300
_a
48 P.
001
1358
942
_c
LGB
999
_c
48525
_d
48525